[Event "Oberliga Bayern 1718"]
[Site "Bayern"]
[Date "2018.03.18"]
[Round "8.1"]
[White "Golda, Harald"]
[Black "Sedlak, Nikola"]
[Result "0-1"]
[WhiteElo "2268"]
[BlackElo "2547"]
[PlyCount "70"]
[EventDate "2017.10.22"]
[EventType "team-tourn"]
[EventRounds "9"]
[EventCountry "GER"]
[SourceTitle "EXT 2020"]
[Source "ChessBase"]
[SourceDate "2019.10.17"]
[SourceVersion "1"]
[SourceVersionDate "2019.10.17"]
[SourceQuality "1"]
[WhiteTeam "Schweinfurt"]
[BlackTeam "Deggendorf"]
[WhiteTeamCountry "GER"]
[BlackTeamCountry "GER"]

1. d4 e6 2. Nf3 f5 3. g3 Nf6 4. Bg2 d5 5. 0-0 Bd6 6. c4 c6 7. b3 Qe7 8. Bb2 0-0 9. Qc1 b5 10. e3 a5 11. a4 bxc4 12. bxc4 Ba6 13. Nbd2 Nbd7 14. Re1 Bb4 15. Bf1 Rfc8 16. Ba3 c5 17. dxc5 Qxc5 18. Nb3 Qb6 19. Bxb4 Qxb4 20. Nbd4 Bxc4 21. Bxc4 Rxc4 22. Qb1 Qd6 23. Rc1 Rb8 24. Nb5 Qc5 25. Nfd4 Rb6 26. Rxc4 dxc4 27. Qc2 Ne5 28. Rc1 Nd5 29. Qe2 Nd3 30. Rd1 Nf6 31. Qc2 Ne4 32. f3 Nef2 33. Rd2 e5 34. Nxf5 Rf6 35. Rxf2 Rxf5 0-1

[Event "Oberliga Bayern 1718"]
[Site "Bayern"]
[Date "2017.11.12"]
[Round "2.1"]
[White "Golda, Harald"]
[Black "Pezerovic, Edin"]
[Result "1/2-1/2"]
[WhiteElo "2268"]
[BlackElo "2421"]
[PlyCount "112"]
[EventDate "2017.10.22"]
[EventType "team-tourn"]
[EventRounds "9"]
[EventCountry "GER"]
[SourceTitle "EXT 2020"]
[Source "ChessBase"]
[SourceDate "2019.10.17"]
[SourceVersion "1"]
[SourceVersionDate "2019.10.17"]
[SourceQuality "1"]
[WhiteTeam "Schweinfurt"]
[BlackTeam "Muenchen 36"]
[WhiteTeamCountry "GER"]
[BlackTeamCountry "GER"]

1. d4 d5 2. Nf3 c6 3. c4 Nf6 4. e3 Bf5 5. Nc3 e6 6. Nh4 Bg4 7. Qb3 Qc7 8. h3 Bh5 9. g4 Bg6 10. Nxg6 hxg6 11. cxd5 exd5 12. Bg2 Nbd7 13. Bd2 Nb6 14. 0-0-0 Nc4 15. Kb1 Nxd2+ 16. Rxd2 Qb6 17. Qc2 Bb4 18. Rd3 Bxc3 19. Rxc3 0-0 20. Rb3 Qa6 21. g5 Nh5 22. Re1 Rab8 23. Qd2 f6 24. Bf1 b5 25. Qc2 fxg5 26. Qxg6 Nf6 27. Bd3 Qc8 28. Qxg5 b4 29. e4 Nxe4 30. Bxe4 dxe4 31. Rg3 Qd7 32. Reg1 Rf7 33. Qe5 Rd8 34. Qxe4 Qxd4 35. Qxc6 Qe5 36. Qc4 Rd5 37. Qxb4 Qf5+ 38. Ka1 Qxf2 39. a3 Rfd7 40. Qb3 Qf7 41. Ka2 Kh8 42. Rf3 Qe7 43. Rgf1 Qe4 44. Re3 Qd4 45. Rf8+ Kh7 46. Rfe8 Qc5 47. Rc3 Qb5 48. Qc2+ Rf5 49. Rec8 Qd5+ 50. R3c4 Qd3 51. Rh4+ Kg6 52. Rg4+ Kh7 53. Qxd3 Rxd3 54. Rc7 Rb5 55. Rcxg7+ Kh8 56. Rxa7 Rxb2+ 1/2-1/2

[Event "Oberliga Bayern 1718"]
[Site "Bayern"]
[Date "2017.10.22"]
[Round "1.1"]
[White "Kosic, Dragan"]
[Black "Golda, Harald"]
[Result "1-0"]
[WhiteElo "2493"]
[BlackElo "2268"]
[PlyCount "111"]
[EventDate "2017.10.22"]
[EventType "team-tourn"]
[EventRounds "9"]
[EventCountry "GER"]
[SourceTitle "EXT 2020"]
[Source "ChessBase"]
[SourceDate "2019.10.17"]
[SourceVersion "1"]
[SourceVersionDate "2019.10.17"]
[SourceQuality "1"]
[WhiteTeam "Muenchen Suedost"]
[BlackTeam "Schweinfurt"]
[WhiteTeamCountry "GER"]
[BlackTeamCountry "GER"]

1. d4 Nf6 2. Nf3 e6 3. Bf4 b6 4. e3 Bb7 5. Nbd2 Be7 6. h3 0-0 7. Bd3 c5 8. 0-0 cxd4 9. exd4 Nc6 10. Re1 Re8 11. c3 d6 12. Bg3 Bf8 13. Ne4 Nxe4 14. Bxe4 Na5 15. Bd3 Rc8 16. Bb5 Bc6 17. Bxc6 Nxc6 18. d5 exd5 19. Qxd5 Qd7 20. Rad1 Re6 21. Ng5 Rxe1+ 22. Rxe1 h6 23. Ne4 Na5 24. Rd1 Nb7 25. c4 Qc6 26. b3 Qxd5 27. Rxd5 Rd8 28. h4 Be7 29. h5 Kf8 30. Nc3 Ke8 31. Bf4 Kd7 32. g4 Rc8 33. Be3 Nc5 34. Rf5 Ke8 35. Kf1 Rc7 36. Ke2 Rb7 37. Rd5 Rd7 38. f4 Kd8 39. Nb5 Ne6 40. g5 Bf8 41. gxh6 gxh6 42. Nxa7 Nxf4+ 43. Bxf4 Rxa7 44. a4 Kd7 45. Kf3 Rb7 46. Rb5 Kc6 47. Be3 Bg7 48. Kg4 Kc7 49. Kf5 Rb8 50. b4 Rb7 51. a5 bxa5 52. bxa5 Rxb5+ 53. cxb5 d5 54. a6 d4 55. Bd2 Kb6 56. Ke4 1-0

[Event "Oberliga Bayern 1617"]
[Site "Bayern"]
[Date "2016.11.20"]
[Round "2.1"]
[White "Kosic, Dragan"]
[Black "Golda, Harald"]
[Result "1-0"]
[WhiteElo "2504"]
[BlackElo "2229"]
[PlyCount "131"]
[EventDate "2016.10.16"]
[EventType "team-tourn"]
[EventRounds "9"]
[EventCountry "GER"]
[SourceTitle "EXT 2019"]
[Source "ChessBase"]
[SourceDate "2018.10.10"]
[SourceVersion "1"]
[SourceVersionDate "2018.10.10"]
[SourceQuality "1"]
[WhiteTeam "Muenchen Suedost"]
[BlackTeam "Schweinfurt"]
[WhiteTeamCountry "GER"]
[BlackTeamCountry "GER"]

1. d4 Nf6 2. Nf3 e6 3. Bg5 Be7 4. Nbd2 b6 5. e4 Bb7 6. Bd3 h6 7. Bf4 c5 8. c3 cxd4 9. cxd4 Ba6 10. Bxa6 Nxa6 11. a3 0-0 12. 0-0 d5 13. e5 Ne4 14. Qe2 Nxd2 15. Nxd2 Nc7 16. Be3 Qd7 17. Rac1 Rac8 18. Qg4 Kh7 19. Rc3 Nb5 20. Rb3 f6 21. exf6 Rxf6 22. Nf3 Nd6 23. Ne5 Qa4 24. Rd3 Nc4 25. Bf4 Nxe5 26. Bxe5 Rg6 27. Qe2 Bf6 28. Bxf6 Rxf6 29. Rd2 Qc4 30. Qe3 Qc7 31. g3 Qf7 32. Re1 Qg6 33. Ree2 Rc1+ 34. Kg2 Rb1 35. Qd3 Qxd3 36. Rxd3 Kg6 37. Red2 Rc1 38. Re3 Kf7 39. h4 Ke7 40. Kh3 Kd6 41. f4 h5 42. Kg2 Kd7 43. Kf3 Rc6 44. Re5 g6 45. Rg5 Ke7 46. Kf2 Kf7 47. Re5 Rf5 48. Ree2 Ke7 49. Rc2 Rxc2 50. Rxc2 Kd7 51. Kf3 Rf8 52. g4 hxg4+ 53. Kxg4 Rh8 54. b4 a6 55. a4 b5 56. axb5 axb5 57. Rc5 Ke7 58. Rxb5 Kf6 59. Rc5 Ra8 60. Rc1 Rb8 61. Rb1 Rb5 62. Rb3 Kf7 63. Kg5 Kg7 64. Ra3 Rxb4 65. Ra7+ Kf8 66. Kf6 1-0

[Event "Schweinfurt op 26th"]
[Site "Schweinfurt"]
[Date "2016.05.29"]
[Round "7"]
[White "Golda, Harald"]
[Black "Helm, Timo"]
[Result "1-0"]
[WhiteElo "2316"]
[BlackElo "1969"]
[PlyCount "91"]
[EventDate "2016.05.26"]
[EventType "swiss"]
[EventRounds "7"]
[EventCountry "GER"]
[SourceTitle "CBM 172 Extra"]
[Source "ChessBase"]
[SourceDate "2016.06.21"]
[SourceVersion "1"]
[SourceVersionDate "2016.06.21"]
[SourceQuality "1"]

1. d4 e6 2. c4 f5 3. Nf3 Nf6 4. g3 b6 5. Bg2 Bb7 6. 0-0 Be7 7. b3 0-0 8. Bb2 d6 9. Nc3 Nbd7 10. Ng5 Bxg2 11. Kxg2 Qc8 12. Nxe6 Re8 13. Nf4 Nf8 14. Ncd5 c6 15. Nxe7+ Rxe7 16. d5 Ng4 17. h3 Nh6 18. dxc6 Qxc6+ 19. Kh2 Rae8 20. e3 Ne6 21. Qd5 Qc5 22. Rad1 Nf7 23. Nxe6 Rxe6 24. Qd4 Ne5 25. Qxc5 dxc5 26. Rd5 g6 27. Bxe5 Rxe5 28. Rxe5 Rxe5 29. Rd1 Re7 30. Rd8+ Kf7 31. Kg2 Ke6 32. Kf3 Rc7 33. Kf4 Ke7 34. Rd5 Kf6 35. Rd6+ Ke7 36. Ke5 Rc8 37. h4 Rc7 38. h5 Kf7 39. hxg6+ hxg6 40. Kf4 Rb7 41. Kg5 b5 42. Rf6+ Ke7 43. Kxg6 bxc4 44. Rf7+ Kd6 45. Rxb7 c3 46. Rh7 1-0

[Event "Landesliga Nord 1415"]
[Site "Bayern"]
[Date "2015.02.22"]
[Round "7.1"]
[White "Englert, Fabian"]
[Black "Golda, Harald"]
[Result "1/2-1/2"]
[WhiteElo "2371"]
[BlackElo "2221"]
[PlyCount "117"]
[EventDate "2014.10.19"]
[EventType "team-tourn"]
[EventRounds "9"]
[EventCountry "GER"]
[SourceTitle "EXT 2018"]
[Source "ChessBase"]
[SourceDate "2017.10.13"]
[SourceVersion "1"]
[SourceVersionDate "2017.10.13"]
[SourceQuality "1"]
[WhiteTeam "Klingenberg"]
[BlackTeam "Schweinfurt"]
[WhiteTeamCountry "GER"]
[BlackTeamCountry "GER"]

1. e4 e5 2. Nf3 Nc6 3. Nc3 Nf6 4. Be2 Bb4 5. Nd5 Nxd5 6. exd5 Nd4 7. 0-0 Nxf3+ 8. Bxf3 0-0 9. d4 exd4 10. Qxd4 Be7 11. a4 d6 12. Be4 Bd7 13. Ra3 f5 14. Bd3 Bf6 15. Qb4 b6 16. a5 Re8 17. a6 Kh8 18. Bd2 Re5 19. c4 Qf8 20. Qb3 Rae8 21. Qc2 R5e7 22. Bxf5 Bxf5 23. Qxf5 Bxb2 24. Qxf8+ Rxf8 25. Re3 Rxe3 26. fxe3 Kg8 27. Rxf8+ Kxf8 28. Kf2 Ke8 29. Ke2 Kd7 30. Kd3 Be5 31. h3 g6 32. Be1 Bf6 33. Bg3 Kc8 34. Bf4 Kd7 35. g4 Kc8 36. Bg3 Kd7 37. h4 Kc8 38. h5 Kd7 39. Bf4 Kc8 40. Kc2 Kd7 41. Kb3 Kc8 42. Ka4 Kd7 43. Kb5 Bb2 44. e4 Bd4 45. Bh6 Be5 46. Bf8 Bd4 47. Bh6 Be5 48. Be3 Bf6 49. Bf4 Bd4 50. Ka4 Bf6 51. Kb3 Bd4 52. Kc2 Bf6 53. Kd3 Bb2 54. Be3 Be5 55. Bd4 Bh2 56. Ke2 Ke7 57. Kf3 Kd7 58. Bf6 Be5 59. Bg5 1/2-1/2

[Event "Landesliga Nord 1415"]
[Site "Bayern"]
[Date "2014.11.23"]
[Round "3.1"]
[White "Golda, Harald"]
[Black "Yalcin, Alparslan"]
[Result "1/2-1/2"]
[WhiteElo "2221"]
[BlackElo "2103"]
[PlyCount "114"]
[EventDate "2014.10.19"]
[EventType "team-tourn"]
[EventRounds "9"]
[EventCountry "GER"]
[SourceTitle "EXT 2018"]
[Source "ChessBase"]
[SourceDate "2017.10.13"]
[SourceVersion "1"]
[SourceVersionDate "2017.10.13"]
[SourceQuality "1"]
[WhiteTeam "Schweinfurt"]
[BlackTeam "Kitzingen"]
[WhiteTeamCountry "GER"]
[BlackTeamCountry "GER"]

1. d4 d5 2. Nf3 Nf6 3. c4 c6 4. Nc3 dxc4 5. a4 Bf5 6. e3 e6 7. Bxc4 Bb4 8. 0-0 0-0 9. Qe2 Nbd7 10. Rd1 Qe7 11. e4 Bg6 12. e5 Nd5 13. Bg5 Qe8 14. Nxd5 cxd5 15. Bd3 Rc8 16. Bxg6 fxg6 17. Rac1 Nb8 18. Rxc8 Qxc8 19. Qb5 Nc6 20. Rc1 h6 21. Be3 Be7 22. Qd3 Kh7 23. Bd2 Qd7 24. h3 a6 25. Rb1 Bb4 26. Rc1 Be7 27. h4 Qe8 28. h5 Rf5 29. hxg6+ Qxg6 30. b4 Rf7 31. Qxg6+ Kxg6 32. b5 axb5 33. axb5 Na7 34. Rb1 Rf8 35. Ra1 Nxb5 36. Rb1 Rxf3 37. gxf3 Nxd4 38. Kg2 b5 39. Be3 Nc6 40. Rxb5 Nxe5 41. Bd4 Nd3 42. Rb6 Nf4+ 43. Kf1 Kf7 44. Rb7 Ng6 45. f4 Nxf4 46. Bxg7 Kxg7 47. Rxe7+ Kf6 48. Rh7 h5 49. f3 Ke5 50. Rf7 h4 51. Kf2 Ng6 52. Rh7 Kf5 53. Rf7+ Kg5 54. Rd7 Nf4 55. Rg7+ Kf5 56. Rf7+ Ke5 57. Rh7 Ng6 1/2-1/2

[Event "Landesliga Nord 1314"]
[Site "Bayern"]
[Date "2013.10.13"]
[Round "1.1"]
[White "Delitzsch, Juergen"]
[Black "Golda, Harald"]
[Result "1-0"]
[WhiteElo "2259"]
[BlackElo "2342"]
[PlyCount "65"]
[EventDate "2013.10.13"]
[EventType "team"]
[EventRounds "9"]
[EventCountry "GER"]
[SourceTitle "EXT 2015"]
[Source "ChessBase"]
[SourceDate "2014.11.20"]
[SourceVersion "1"]
[SourceVersionDate "2014.11.20"]
[SourceQuality "1"]
[WhiteTeam "Bindlach II"]
[BlackTeam "Schweinfurt"]
[WhiteTeamCountry "GER"]
[BlackTeamCountry "GER"]

1. d4 Nf6 2. c4 e6 3. Nf3 b6 4. g3 Ba6 5. b3 Bb4+ 6. Bd2 Be7 7. Bg2 c6 8. Bc3 0-0 9. Nbd2 d5 10. 0-0 Nbd7 11. Re1 Rc8 12. e4 dxe4 13. Nxe4 Nxe4 14. Rxe4 Nf6 15. Re3 b5 16. Ne5 c5 17. d5 exd5 18. cxd5 b4 19. Bb2 Bd6 20. Nc6 Qc7 21. Bxf6 gxf6 22. Qh5 Rce8 23. Rae1 Re5 24. Nxe5 fxe5 25. Qg5+ Kh8 26. Qf6+ Kg8 27. Rxe5 Bxe5 28. Rxe5 Bd3 29. Be4 Bxe4 30. Rxe4 Qd7 31. f3 Rd8 32. Rg4+ Kf8 33. Qh6+ 1-0

[Event "Forchheim op-A 12th"]
[Site "Forchheim"]
[Date "2013.09.28"]
[Round "2"]
[White "Reis, Gerhard"]
[Black "Golda, Harald"]
[Result "0-1"]
[WhiteElo "2210"]
[BlackElo "2332"]
[PlyCount "78"]
[EventDate "2013.09.27"]
[EventType "swiss"]
[EventRounds "5"]
[EventCountry "GER"]
[SourceTitle "CBM 156 Extra"]
[Source "ChessBase"]
[SourceDate "2013.10.22"]
[SourceVersion "1"]
[SourceVersionDate "2013.10.22"]
[SourceQuality "1"]

1. Nf3 Nf6 2. c4 e6 3. g3 Be7 4. Bg2 0-0 5. 0-0 d5 6. d4 dxc4 7. Qc2 a6 8. Qxc4 b5 9. Qc2 Bb7 10. Bd2 Be4 11. Qc1 Qc8 12. Bg5 Nbd7 13. Qf4 h6 14. Bxf6 Nxf6 15. Nbd2 Bb7 16. e4 c5 17. Rfc1 c4 18. Rc2 Qd8 19. Rac1 Rc8 20. h3 Qb6 21. g4 Rfd8 22. a4 Bb4 23. axb5 axb5 24. e5 Nd5 25. Qg3 Be7 26. g5 hxg5 27. Nxg5 Bxg5 28. Qxg5 Nb4 29. Rc3 Nd3 30. Ne4 Bxe4 31. Bxe4 Nxc1 32. Qxc1 Qxd4 33. Qf4 f5 34. exf6 Qxf6 35. Qg4 Rf8 36. Rf3 Qh6 37. Bg6 Kh8 38. Qxe6 Rcd8 39. Rxf8+ Rxf8 0-1

[Event "Landesliga Nord 1213"]
[Site "Bayern"]
[Date "2013.04.14"]
[Round "9.1"]
[White "Golda, Harald"]
[Black "Van Ginkel, Pieter"]
[Result "1/2-1/2"]
[WhiteElo "2286"]
[BlackElo "2130"]
[PlyCount "25"]
[EventDate "2012.10.14"]
[EventType "team-tourn"]
[EventRounds "9"]
[EventCountry "GER"]
[SourceTitle "EXT 2015"]
[Source "ChessBase"]
[SourceDate "2014.11.20"]
[SourceVersion "1"]
[SourceVersionDate "2014.11.20"]
[SourceQuality "1"]
[WhiteTeam "Schweinfurt"]
[BlackTeam "Nuernberg Sued SW"]
[WhiteTeamCountry "GER"]
[BlackTeamCountry "GER"]

1. d4 d5 2. Nf3 Nf6 3. c4 e6 4. Nc3 c5 5. cxd5 exd5 6. g3 Nc6 7. Bg2 Be7 8. dxc5 0-0 9. 0-0 Bxc5 10. Bg5 d4 11. Bxf6 Qxf6 12. Ne4 Qe7 13. Nxc5 1/2-1/2

[Event "Landesliga Nord 1213"]
[Site "Bayern"]
[Date "2013.01.13"]
[Round "5.1"]
[White "Golda, Harald"]
[Black "Vavra, Pavel"]
[Result "0-1"]
[WhiteElo "2286"]
[BlackElo "2323"]
[PlyCount "60"]
[EventDate "2012.10.14"]
[EventType "team-tourn"]
[EventRounds "9"]
[EventCountry "GER"]
[SourceTitle "EXT 2015"]
[Source "ChessBase"]
[SourceDate "2014.11.20"]
[SourceVersion "1"]
[SourceVersionDate "2014.11.20"]
[SourceQuality "1"]
[WhiteTeam "Schweinfurt"]
[BlackTeam "Wuerzburg"]
[WhiteTeamCountry "GER"]
[BlackTeamCountry "GER"]

1. d4 e6 2. Nf3 f5 3. c4 b6 4. g3 Bb7 5. Bg2 Nf6 6. 0-0 Be7 7. Nc3 Ne4 8. d5 Nxc3 9. bxc3 0-0 10. Qc2 Na6 11. Nd4 Nc5 12. Ba3 Ne4 13. Bxe7 Qxe7 14. Bxe4 fxe4 15. Qxe4 Rae8 16. d6 Bxe4 17. dxe7 Rxe7 18. f3 Bb7 19. a4 Ba6 20. Nb5 Rf5 21. Rfb1 Rc5 22. Rb4 d5 23. cxd5 exd5 24. e4 dxe4 25. Rxe4 Rxe4 26. fxe4 Bb7 27. Rd1 a6 28. Rd8+ Kf7 29. Nd4 Bxe4 30. Rd7+ Kf6 0-1

[Event "Unterfranken-ch M1 63th"]
[Site "Schweinfurt"]
[Date "2012.04.13"]
[Round "7"]
[White "Golda, Harald"]
[Black "Englert, Fabian"]
[Result "0-1"]
[WhiteElo "2274"]
[BlackElo "2242"]
[PlyCount "82"]
[EventDate "2012.04.09"]
[EventType "swiss"]
[EventRounds "9"]
[EventCountry "GER"]
[SourceTitle "EXT 2015"]
[Source "ChessBase"]
[SourceDate "2014.11.20"]
[SourceVersion "1"]
[SourceVersionDate "2014.11.20"]
[SourceQuality "1"]

1. Nf3 Nf6 2. d4 g6 3. c4 Bg7 4. g3 0-0 5. Bg2 d6 6. 0-0 Nbd7 7. Nc3 e5 8. h3 exd4 9. Nxd4 Re8 10. e4 a6 11. Be3 Rb8 12. Qc2 c5 13. Nde2 b5 14. Rad1 Qe7 15. cxb5 axb5 16. Nf4 Bb7 17. f3 b4 18. Ncd5 Nxd5 19. Nxd5 Bxd5 20. Rxd5 Nb6 21. Rd2 Qe6 22. b3 Bc3 23. Rdd1 Nc8 24. Bf2 Na7 25. a3 Bg7 26. axb4 Rxb4 27. f4 Nb5 28. e5 Nd4 29. Bxd4 cxd4 30. exd6 Qxd6 31. Rd3 Reb8 32. f5 Bh6 33. fxg6 hxg6 34. Kh2 Be3 35. Rb1 Kg7 36. Qc6 Qxc6 37. Bxc6 Rc8 38. Bg2 Rc3 39. Bf1 Rc2+ 40. Kh1 Rb6 41. Bg2 Ra6 0-1

[Event "Unterfranken-ch M1 63th"]
[Site "Schweinfurt"]
[Date "2012.04.13"]
[Round "8"]
[White "Golda, Harald"]
[Black "Krauss, Josef"]
[Result "1-0"]
[WhiteElo "2274"]
[BlackElo "2066"]
[PlyCount "44"]
[EventDate "2012.04.09"]
[EventType "swiss"]
[EventRounds "9"]
[EventCountry "GER"]
[SourceTitle "EXT 2015"]
[Source "ChessBase"]
[SourceDate "2014.11.20"]
[SourceVersion "1"]
[SourceVersionDate "2014.11.20"]
[SourceQuality "1"]

1. d4 d5 2. Nf3 Nf6 3. c4 c6 4. Nc3 a6 5. c5 Bg4 6. Ne5 Bf5 7. Bf4 Nbd7 8. e3 Nxe5 9. Bxe5 Nd7 10. Bg3 e5 11. Bd3 Bxd3 12. Qxd3 Be7 13. 0-0 0-0 14. Na4 exd4 15. exd4 Bh4 16. Rfe1 Bxg3 17. Qxg3 Re8 18. Rxe8+ Qxe8 19. Qc7 Rb8 20. Kf1 Qd8 21. Qg3 Qa5 22. Qh4 Kf8 1-0

[Event "Unterfranken-ch M1 63th"]
[Site "Schweinfurt"]
[Date "2012.04.11"]
[Round "5"]
[White "Kuhn, Norbert"]
[Black "Golda, Harald"]
[Result "0-1"]
[WhiteElo "2101"]
[BlackElo "2274"]
[PlyCount "78"]
[EventDate "2012.04.09"]
[EventType "swiss"]
[EventRounds "9"]
[EventCountry "GER"]
[SourceTitle "EXT 2015"]
[Source "ChessBase"]
[SourceDate "2014.11.20"]
[SourceVersion "1"]
[SourceVersionDate "2014.11.20"]
[SourceQuality "1"]

1. e4 c5 2. Nf3 d6 3. Bb5+ Bd7 4. Bxd7+ Qxd7 5. 0-0 Nc6 6. Re1 Nf6 7. c3 e6 8. d3 Be7 9. h3 0-0 10. Bf4 b5 11. c4 Qb7 12. Re2 Rfd8 13. Nc3 bxc4 14. dxc4 Nd4 15. Re3 Ne8 16. b3 Bf6 17. Rc1 Nc7 18. Rd3 Nxf3+ 19. Qxf3 Bxc3 20. Rdxc3 e5 21. Bg5 f6 22. Be3 Ne6 23. Rd3 a5 24. Qg4 Qd7 25. Rc2 Nd4 26. Qxd7 Rxd7 27. Bxd4 exd4 28. Kf1 Rb7 29. f3 a4 30. Kf2 axb3 31. Rxb3 Rxa2 32. Rxa2 Rxb3 33. Ra6 Rb4 34. Rxd6 Rxc4 35. g4 Rc3 36. h4 d3 37. f4 c4 38. Rd4 Rc2+ 39. Ke3 Kf7 0-1